000 00650nam a22002417a 4500
003 UA-OsUOA
001 127302
007 ta
008 20171123b un ||||| |||| 00| 0 ukr d
100 _aПастернак Б. Л.
090 _a821.161.1
_bП19
942 _cBK
040 _aUA-OsUOA
_brus
_cUA-OsUOA
_dUA-OsUOA
245 _aДоктор Живаго
_bроман
300 _a736 с.
955 _a3
041 _arus
080 _a821.161.1
020 _a5-265-01073-4
260 _aМ.
_bСоветский писатель
_c1989
650 7 _a82 Література. Літературознавство
_2UDC
999 _c414452
_d414452